Text book of prevention and social medicine : (Record no. 134474)
[ view plain ]
| 000 -LEADER | |
|---|---|
| fixed length control field | 00782nam a22002537a 4500 |
| 005 - DATE AND TIME OF LATEST TRANSACTION | |
| control field | 20170124110226.0 |
| 010 ## - LIBRARY OF CONGRESS CONTROL NUMBER | |
| LC control number | B-045665 |
| 020 ## - INTERNATIONAL STANDARD BOOK NUMBER | |
| Terms of availability | 45.00 |
| 035 ## - SYSTEM CONTROL NUMBER | |
| System control number | B-045665 |
| 037 ## - SOURCE OF ACQUISITION | |
| Source of stock number/acquisition | Cen Lib/Ret |
| 040 ## - CATALOGING SOURCE | |
| Original cataloging agency | DPL |
| Language of cataloging | EN |
| 082 ## - DEWEY DECIMAL CLASSIFICATION NUMBER | |
| Classification number | 614.4 |
| Item number | PAR |
| 100 ## - MAIN ENTRY--PERSONAL NAME | |
| Personal name | Park, J.E. |
| 9 (RLIN) | 40823 |
| 245 ## - TITLE STATEMENT | |
| Title | Text book of prevention and social medicine : |
| Statement of responsibility, etc | by Park J.E. [and] K.Park |
| Remainder of title | a treatise on community health / |
| 250 ## - EDITION STATEMENT | |
| Edition statement | 5th ed |
| 260 ## - PUBLICATION, DISTRIBUTION, ETC. (IMPRINT) | |
| Place of publication, distribution, etc | Jabalpur |
| Name of publisher, distributor, etc | Banarsidas Bhanton Publishers |
| Date of publication, distribution, etc | 1976 |
| 270 ## - ADDRESS | |
| Address | 1268, Napier Town |
| City | Jabalpur |
| 300 ## - PHYSICAL DESCRIPTION | |
| Extent | 755p. : |
| Dimensions | 24cm(Hb) |
| Other physical details | Iill. |
| 500 ## - GENERAL NOTE | |
| General note | Includes index |
| 650 ## - SUBJECT ADDED ENTRY--TOPICAL TERM | |
| Topical term or geographic name as entry element | Social medicine |
| 9 (RLIN) | 40824 |
| 650 ## - SUBJECT ADDED ENTRY--TOPICAL TERM | |
| Topical term or geographic name as entry element | Medical policy--Social aspects |
| 9 (RLIN) | 40825 |
| 700 ## - ADDED ENTRY--PERSONAL NAME | |
| Personal name | Park, K. |
| 9 (RLIN) | 40753 |
| 942 ## - ADDED ENTRY ELEMENTS (KOHA) | |
| Source of classification or shelving scheme | Dewey Decimal Classification |
| Koha item type | English Books |
| Classification part | 614.4 |
| Call number suffix | PAR |
| Withdrawn status | Lost status | Damaged status | Not for loan | Collection code | Home library | Current library | Date acquired | Source of acquisition | Cost, normal purchase price | Total Checkouts | Full call number | Barcode | Date last seen | Copy number | Cost, replacement price | Price effective from | Koha item type |
|---|---|---|---|---|---|---|---|---|---|---|---|---|---|---|---|---|---|
| Not For Loan | Reference | Central Library | Central Library | 30/07/2015 | Cen Lib/Ret | 45.00 | 614.4 PAR | B-045665 | 30/07/2015 | 1 | 45.00 | 30/07/2015 | English Books |
